Prečo vitamíny - antioxidanty?

Bibliographic Details
Main Author: Béderová, Alžbeta (Author)
Format: Article
Language:Slovak
ISSN:0323-2646
Subjects:

MARC

LEADER 00000nab a2200000 a 4500
001 vtls000628204
003 SK-MaSNL
005 20260304100305.0
008 250425c1997 xo 0 slo
015 |a SNBRB19rr/mm-uuuuu 
035 |a CL0628343 
035 |a urn:nbn:sk:snk-abgot 
035 |a (urnnbn)urn:nbn:sk:snk:ar-002dzu 
035 |a (uuid)928859b4-86fa-4e72-a7c4-b96c9de6350e 
040 |a SNKBUCL  |b slo  |c SNKBUCL  |e AACR2 
041 0 |a slo 
044 |a xo  |c SK 
080 |a 577.16  |2 1981 
080 |a 612.015.6  |2 1981 
100 1 |a Béderová, Alžbeta  |4 aut  |9 196223 
245 1 0 |a Prečo vitamíny - antioxidanty?  |c Alžbeta Béderová 
650 0 7 |a vitamíny  |2 snkbucl  |9 2616 
650 0 7 |a antioxidanty  |2 snkbucl  |9 13472 
655 7 |a články z novín a časopisov  |2 snkbucl  |9 267496 
773 0 |t Naše liečivé rastliny  |g Roč. 34, č. 3 (1997), s. 90-91  |x 0323-2646 
850 |a Slovenská národná knižnica 
852 |a Slovenská národná knižnica 
954 |a odborná, vedecká literatúra pôvodná (slovenská)  |2 lita 
958 |a article27 
958 |a RK 
958 |a OND 
958 |a EUIPO 
992 |a RBX 
999 |c 2837293  |d 2839223